Normal view
MARC view
- Blackburn, James W.,
Entry Personal Name
001 - CONTROL NUMBER
- control field: 6413
003 - CONTROL NUMBER IDENTIFIER
- control field: NUST
005 - DATE AND TIME OF LATEST TRANSACTION
- control field: 20171115155526.0
008 - FIXED-LENGTH DATA ELEMENTS
- fixed length control field: 171115|| aca||aabn | a|a d
040 ## - CATALOGING SOURCE
- Original cataloging agency: NUST
- Transcribing agency: NUST
100 ## - HEADING--PERSONAL NAME
- Personal name: Blackburn, James W.,
- Dates associated with a name: 1950-
670 ## - SOURCE DATA FOUND
- Source citation: Work cat.: (NUST)0: Stephenson, Ralph L., 1939- 6411, The industrial wastewater systems handbook /, c1998.
